000 00584nam a22001937a 4500
999 _c190206
_d190206
005 20220720144939.0
010 _aENG-133729
020 _a9788186514344
_c450.00
035 _aEN-117261
037 _bDBAD/PUB
082 _a539.77
100 _aReddy, A R
245 _aDosimetry of internal emitters in Nuclear Medicine and radiation protection /
_cby AR Reddy [and] SC Jain
260 _aDelhi
_bDRDO
_c2011
270 _aDESIDOC, Metcalf House
_bDelhi
_e110054
300 _axvii, 293p.
_c24cm(pbk)
700 _aJain, SC
942 _2ddc
_cEN
_h539.77
_mRED